000 01758nam a2200541 i 4500
001 41078
003 KOSZ 005
005 20221107120120.0
008 020520s2002 pl a |000 0 pol
015 _aUWD 2002/10090
020 _a8373350667
035 _a991018238419705066
035 _a(PL-WaBN)b14943815-48omnis_nlop
035 _ab14943815
035 _a(OCoLC)749306273
035 _azz2002920518
035 _a(PL)b0000001494381
035 _a(EXLNZ-48OMNIS_NETWORK)9910325468205606
040 _aWA N
_cWA N
_dKOSZ 005/HR
046 _k2002
080 _a615.47
080 _a612.017
080 _a616
080 _a57.08
080 _a(075.8)
100 1 _aŁaskawiec, Jan
_eAutor
245 1 0 _aZagadnienia teoretyczne i aplikacyjne w implantach /
_cJan Łaskawiec, Rafał Michalik.
260 _aGliwice :
_bWydawnictwo Politechniki Śląskiej,
_c2002.
300 _a170, [1] s. :
_bil. ;
_c24 cm.
336 _aTekst
_btxt
_2rdacontent
337 _aBez urządzenia pośredniczącego
_bn
_2rdamedia
338 _aWolumin
_bnc
_2rdacarrier
380 _aKsiążki
388 _a2001-
504 _aBibliogr.
650 7 _aBiomateriały
_2DBN
650 7 _aBiozgodność
_2DBN
650 7 _aImplanty
_2DBN
650 2 _aInżynieria biomedyczna
650 2 _aTytan (pierwiastek)
655 7 _aPodręczniki akademickie
_2DBN
658 _aInżynieria i technika
700 1 _aMichalik, Rafał
_c(inżynieria materiałowa)
_eAutor
710 2 _aWydawnictwo Politechniki Śląskiej
_4pbl
856 _uhttp://koha.tu.koszalin.pl/cgi-bin/koha/opac-detail.pl?biblionumber=41078
_yKatalog online BPK
942 _2UKD
_cKS
999 _c41078
_d41078